Central Library OPAC University of Rajshahi

Speaking in God's name : (Record no. 59189)

MARC details
000 -LEADER
fixed length control field 00847nam a2200277 a 4500
001 - CONTROL NUMBER
control field 59189
003 - CONTROL NUMBER IDENTIFIER
rucl marc code BD-RjUL
005 - DATE AND TIME OF LATEST TRANSACTION
control field 20211209080713.0
008 - FIXED-LENGTH DATA ELEMENTS--GENERAL INFORMATION
fixed length control field 161221s2006 enk b 001 0 eng
020 ## - INTERNATIONAL STANDARD BOOK NUMBER
International Standard Book Number 1851682627
035 ## - SYSTEM CONTROL NUMBER
System control number (OCoLC)ocm47150442
System control number (BD-RjUL)59313
System control number (NNC)3112867
040 ## - CATALOGING SOURCE
Original cataloging agency UKM
Transcribing agency UKM
Modifying agency PLT
-- NNC
Language of cataloging eng
041 ## - LANGUAGE CODE
Language code of text/sound track or separate title eng
082 04 - DEWEY DECIMAL CLASSIFICATION NUMBER
Classification number 305.486971
Edition number 22
Author mark and year ABS 2006
090 ## - LOCALLY ASSIGNED LC-TYPE CALL NUMBER (OCLC); LOCAL CALL NUMBER (OCLC)
Classification number (OCLC) (R) ; Classification number, CALL (RLIN) (NR) HQ1170
Local cutter number (OCLC) ; Book number/undivided call number, CALL (RLIN) .A34 2001
100 1# - MAIN ENTRY--PERSONAL NAME
Personal name Abou El Fadl, Khaled,
Dates associated with a name 1963-
9 (RLIN) 176004
245 10 - TITLE STATEMENT
Title Speaking in God's name :
Remainder of title Islamic law, authority and women /
Statement of responsibility, etc. Khaled Abou El Fadl.
250 ## - EDITION STATEMENT
Edition statement 1st South Asia ed.
260 ## - PUBLICATION, DISTRIBUTION, ETC. (IMPRINT)
Place of publication, distribution, etc. Oxford :
Name of publisher, distributor, etc. Oneworld,
Date of publication, distribution, etc. c2006
300 ## - PHYSICAL DESCRIPTION
Pagination xiii, 361 p. ;
Size 23 cm.
504 ## - BIBLIOGRAPHY, ETC. NOTE
Bibliography, etc Includes bibliographical references (p. [310]-340) and index.
650 #0 - SUBJECT ADDED ENTRY--TOPICAL TERM
Topical term or geographic name as entry element Women (Islamic law)
9 (RLIN) 176005
942 ## - ADDED ENTRY ELEMENTS (KOHA)
Source of classification or shelving scheme Dewey Decimal Classification
Koha item type Books
Holdings
Lost status Source of classification or shelving scheme Damaged status Not for loan Collection code Permanent Location Current Location Shelving location Date acquired Source of acquisition Cost, normal purchase price Total Checkouts Full call number Date last seen Copy number Koha item type
  Dewey Decimal Classification   Not For Loan Non-fiction Central Library, University of Rajshahi Central Library, University of Rajshahi Reading Room 20/02/2008 Paragogn Enterprise, Dhaka 395.00   305.486971 ABS 2006 21/12/2016 C-1 Books